[Event "SUI-ch HT1 118th"]
[Site "Lenzerheide"]
[Date "2018.07.12"]
[Round "1"]
[White "Heeb, Hans Peter"]
[Black "Mueller, Leonhard"]
[Result "0-1"]
[WhiteElo "1855"]
[BlackElo "2199"]
[PlyCount "76"]
[EventDate "2018.07.12"]
[EventType "swiss"]
[EventRounds "9"]
[EventCountry "SUI"]
[SourceTitle "EXT 2019"]
[Source "ChessBase"]
[SourceDate "2018.10.10"]
[SourceVersion "1"]
[SourceVersionDate "2018.10.10"]
[SourceQuality "1"]

1. d4 g6 2. c4 Bg7 3. Nf3 c5 4. d5 Nf6 5. Nc3 0-0 6. e4 d6 7. Bd3 a6 8. Nd2 e6 9. 0-0 Nbd7 10. f4 exd5 11. cxd5 b5 12. Nf3 Re8 13. Rb1 b4 14. Ne2 Nxe4 15. Bxe4 Rxe4 16. Ng3 Re8 17. Kh1 f5 18. Ng5 Nf6 19. Re1 Rxe1+ 20. Qxe1 Nxd5 21. Bd2 h6 22. Ne6 Qe7 23. Nxg7 Qxe1+ 24. Rxe1 Kxg7 25. h4 h5 26. Nf1 Bd7 27. Ne3 Nxe3 28. Rxe3 Re8 29. Kg1 Rxe3 30. Bxe3 Kf6 31. Kf2 Ke6 32. Ke2 Kd5 33. Kf3 Ba4 34. Ke2 Bc2 35. Bc1 Be4 36. g3 Bb1 37. a3 a5 38. Bd2 Kc4 0-1

[Event "SUI-ch 117th"]
[Site "Graechen"]
[Date "2017.07.13"]
[Round "1"]
[White "Arcuti, Davide"]
[Black "Heeb, Hans Peter"]
[Result "1-0"]
[WhiteElo "2342"]
[BlackElo "1894"]
[PlyCount "63"]
[EventDate "2017.07.13"]
[EventType "swiss"]
[EventRounds "9"]
[EventCountry "SUI"]
[SourceTitle "EXT 2019"]
[Source "ChessBase"]
[SourceDate "2018.10.10"]
[SourceVersion "1"]
[SourceVersionDate "2018.10.10"]
[SourceQuality "1"]

1. d4 Nf6 2. c4 c5 3. Nf3 cxd4 4. Nxd4 d5 5. cxd5 Qxd5 6. Nc3 Qa5 7. Nb3 Qh5 8. Bd2 Nc6 9. e4 Bg4 10. f3 Bd7 11. Be3 e5 12. Nc5 Be7 13. Nb5 0-0-0 14. Rc1 Bxc5 15. Bxc5 Nxe4 16. fxe4 Qh4+ 17. Bf2 Qxe4+ 18. Qe2 Qb4+ 19. Qd2 Qe4+ 20. Qe3 Qb4+ 21. Qc3 Qe4+ 22. Be3 Kb8 23. Qa3 Bg4 24. Nd6 Rxd6 25. Qxd6+ Ka8 26. Qd3 Qb4+ 27. Qd2 Qe7 28. Bc4 Rd8 29. Qc3 Qh4+ 30. Bf2 Qg5 31. 0-0 f5 32. Bb5 1-0